Fr. Conceicao Rodrigues College of Engineering

Engineering Metallurgy II (Record no. 31814)

MARC details
000 -LEADER
fixed length control field 00338nam a2200145Ia 4500
082 ## - DEWEY DECIMAL CLASSIFICATION NUMBER
Classification number 669
Item number HIG
100 ## - MAIN ENTRY--PERSONAL NAME
Personal name Higgins/ Raymond.A
245 ## - TITLE STATEMENT
Title Engineering Metallurgy II
260 ## - PUBLICATION, DISTRIBUTION, ETC.
Name of publisher, distributor, etc. English language book society
Place of publication, distribution, etc. Hodder & Stoughton
Date of publication, distribution, etc. 1974
300 ## - PHYSICAL DESCRIPTION
Extent 480
546 ## - LANGUAGE NOTE
Language note ENGLISH
654 ## - SUBJECT ADDED ENTRY--FACETED TOPICAL TERMS
Focus term Metallurgy
942 ## - ADDED ENTRY ELEMENTS (KOHA)
Koha item type BOOK
Holdings
Withdrawn status Lost status Damaged status Not for loan Collection Home library Current library Date acquired Total Checkouts Full call number Barcode Date last seen Price effective from Koha item type Date due Date last checked out
        PT Fr. Agnel's C.Rodrigues College of Engineering Fr. Agnel's C.Rodrigues College of Engineering 17/03/2023   669 HIG PT541 17/03/2023 17/03/2023 BOOK    
        PT Fr. Agnel's C.Rodrigues College of Engineering Fr. Agnel's C.Rodrigues College of Engineering 17/03/2023   669 HIG PT542 17/03/2023 17/03/2023 BOOK    
        PT Fr. Agnel's C.Rodrigues College of Engineering Fr. Agnel's C.Rodrigues College of Engineering 17/03/2023   669 HIG PT543 17/03/2023 17/03/2023 BOOK    
        PT Fr. Agnel's C.Rodrigues College of Engineering Fr. Agnel's C.Rodrigues College of Engineering 17/03/2023   669 HIG PT544 17/03/2023 17/03/2023 BOOK    
        PT Fr. Agnel's C.Rodrigues College of Engineering Fr. Agnel's C.Rodrigues- College of Engineering 17/03/2023 1 669 HIG PT545 12/06/2023 17/03/2023 BOOK 24/01/2014 12/06/2023